000 00962cam7a220026500 4500
001 qce00867049
005 20190826094703.0
008 750410s1973 dcu eng u
010 _a 74191682
035 _a(Sirsi) r17162
035 _a(QCAT)lss00793695
035 _a(UPRA)qce00867049
040 _dUPRA
050 _aZ265
_b.S73
082 _a016.6864/3
100 1 _aSpigai, Frances G.
_6A75037.1
245 1 4 _aThe invisible medium :
_bthe state of the art of microform and a guide to the literature /
_cby Frances G. Spigai.
260 _aWashington :
_bERIC Clearinghouse on Library and Information Sciences,
_c1973.
504 _aIncludes bibliobgraphical references.
650 0 _aMicroforms.
_6S6563.1
650 0 _aMicroforms -- Bibliography.
_xMicroforms -- Bibliography.
_6S16045.1
710 2 _aERIC Clearinghouse on Library and Information Sciences.
_6A75038.1
949 _aZ265
_wlcc
_i-12515
_mMAIN
_tBOOK
_lON-SHELF
004 17162
999 _c160789
_d160789